000 00984nam0a22003011 4500
001 rc\4715267
005 20250630143954.0
035 _a(NLR Aleph) 008219139
090 _a8145074
_c8145074
100 _a20130416d1963 |||y0rusy50 ca
101 0 _arus
102 _aRU
105 _aa z |||||
200 1 _aИскусство Афганистана
_eТри этюда
210 _aМосква
_cИскусство
_d1963
215 _a248 с., 1 л. ил.
_cил.
_d21
320 _aБиблиогр.: с. 241-242
606 _aАфганское искусство
_xИстория
_2psbo
700 1 _4070
_7ca
_8rus
_aПугаченкова
_bГ. А.
_f1915-2007
_gГалина Анатольевна
_9268024
_3RU\NLR\AUTH\770268080
801 0 _aRU
_bNLR
_gpsbo
801 1 _aRU
_bELAR
_2rusmarc
852 _aNLR
_bОЛСАА-сл-спр
_j3-5937
852 _aNLR
_j63-5/4433
852 _aNLR
_jКрII/2025
942 _cBOOK
980 _aNB
980 1 _aSL_SPR